Missing Word: Just Another Day Quiz Stats

 Plays Quiz Updated Jan 12, 2012

Support Sporcle.
Go Orange.
Score 0/20 Timer 02:00
0 Plays Today
Hint Answer % Correct
LiteratureWorld
97.2%
TelevisionLives
95.9%
MovieFerris
94%
TelevisionTime
93.7%
MovieEarth
92.3%
MovieLose
85.3%
SongGo
84.8%
SongLife
74.2%
MovieSummer
72.8%
TelevisionShow
72%
Hint Answer % Correct
TelevisionBy
71.6%
MovieKnight
67.2%
SongNice
57.2%
SongOver
51.9%
SongHappy
50.1%
LiteratureMorrie
42.9%
LiteratureDie
27.5%
TelevisionDoris
21.9%
LiteratureJackal
21.2%
LiteratureIvan
15.3%

Today's Daily Dose

Word Ladder
ING Words

Get the Picture
Nearest Volcano

From the Vault

8-Letter US Presidents Match-Up

by Spacemaniac

History 60s
If you know your President trivia, hats off to you.
Remove Ads.
Support Sporcle.
Get the best of Sporcle when you Go Orange. This ad-free experience offers more features, more stats, and more fun while also helping to support Sporcle. Thank you for becoming a member.

Show Comments

Extras

Top Quizzes Today


Score Distribution

Your Account Isn't Verified!

In order to create a playlist on Sporcle, you need to verify the email address you used during registration. Go to your Sporcle Settings to finish the process.

Report this User

Report this user for behavior that violates our Community Guidelines.

Details: